True at first light.
| Main Author: | |
|---|---|
| Other Authors: | |
| Format: | Book |
| Published: |
London:
William Heinemann,
1999.
|
| Subjects: |
| LEADER | 00421cam a2200157 7i4500 | ||
|---|---|---|---|
| 001 | 0000007628 | ||
| 005 | 20000516090000.0 | ||
| 020 | 0 | 0 | |a 0434007811 |
| 090 | 0 | 0 | |a B 808.63 |b HEM (N) |
| 100 | 1 | 0 | |a Hemingway |
| 245 | 1 | 0 | |a True at first light. |
| 260 | 0 | 0 | |a London: |b William Heinemann, |c 1999. |
| 300 | # | # | |a 319 p. |
| 650 | 0 | 0 | |a Novelettes |
| 700 | 1 | 1 | |a Hemingway, |h Patrick |
| 999 | |a B000010982 |b Book |c Novelettes |e Business Information Centre | ||


